Ako sa Ľubomír Feldek stal dramatikom

Bibliographic Details
Main Author: Predmerský, Vladimír, 1932- (Author)
Format: Article
Language:Slovak
ISSN:1335-7263
Subjects:

MARC

LEADER 00000nab a2200000 a 4500
001 vtls008943951
003 SK-MaSNL
005 20260303070928.0
008 140429c2006 xo mr|p|||||||000 b|slo
015 |a SNBRB2007/02  |2 snkbucl 
038 |a SNKBUCL 
040 |a SNKBUCL  |b slo  |c SNKBUCL  |e AACR2 
041 0 |a slo 
044 |a xo  |c SK 
080 |a 82(091):821.162.4"19"  |2 1997 
080 |a 821.162.4  |x (091)  |x "19"  |2 1997 
080 |a 82.09:821.162.4-93  |2 1997 
080 |a 821.162.4-93.09  |2 1997 
080 |a 821.162.4-2(0.053.2).09  |2 1997 
100 1 |a Predmerský, Vladimír,  |d 1932-  |4 aut  |9 206231 
245 1 0 |a Ako sa Ľubomír Feldek stal dramatikom  |c Vladimír Predmerský 
600 1 7 |a Feldek, Ľubomír,  |d 1936-  |t Botafogo  |2 snkbucl  |9 434205 
600 1 7 |a Feldek, Ľubomír,  |d 1936-  |t Figliar Botafogo  |2 snkbucl  |9 1013695 
600 1 7 |a Feldek, Ľubomír,  |d 1936-  |t Botafogo v čižmách  |2 snkbucl  |9 1068981 
600 1 7 |a Feldek, Ľubomír,  |d 1936-  |t Botafogovo bohatstvo  |2 snkbucl  |9 1068982 
773 0 |t Bibiana  |g Roč. XIII, č. 4 (2006), s. 65-68  |x 1335-7263 
852 |a SNK  |b KIS3GCP 
958 |a LX 
958 |a SK 
999 |c 1757565  |d 1759495